<?xml version="1.0" encoding="UTF-8"?>
<record
    xmlns:xsi="http://www.w3.org/2001/XMLSchema-instance"
    xsi:schemaLocation="http://www.loc.gov/MARC21/slim http://www.loc.gov/standards/marcxml/schema/MARC21slim.xsd"
    xmlns="http://www.loc.gov/MARC21/slim">

  <leader>01677nam a2200313   4500</leader>
  <controlfield tag="001">229</controlfield>
  <controlfield tag="003">OSt</controlfield>
  <controlfield tag="005">20250528074015.0</controlfield>
  <controlfield tag="008">250204b        |||||||g |||| 00| 1 eng d</controlfield>
  <datafield tag="020" ind1=" " ind2=" ">
    <subfield code="a">8533602197</subfield>
  </datafield>
  <datafield tag="040" ind1=" " ind2=" ">
    <subfield code="b">por</subfield>
  </datafield>
  <datafield tag="041" ind1=" " ind2=" ">
    <subfield code="h">spa</subfield>
    <subfield code="a">por</subfield>
  </datafield>
  <datafield tag="082" ind1=" " ind2=" ">
    <subfield code="a">m860</subfield>
    <subfield code="b">E77c</subfield>
  </datafield>
  <datafield tag="100" ind1="1" ind2=" ">
    <subfield code="a">Esquivel, Laura,</subfield>
    <subfield code="d">1950-</subfield>
    <subfield code="9">425</subfield>
  </datafield>
  <datafield tag="240" ind1=" " ind2=" ">
    <subfield code="a">Como agua para chocolate</subfield>
  </datafield>
  <datafield tag="245" ind1=" " ind2=" ">
    <subfield code="a">Como &#xE1;gua para chocolate /</subfield>
    <subfield code="c">Esquivel, Laura ; Tradu&#xE7;&#xE3;o de Olga Savary </subfield>
  </datafield>
  <datafield tag="260" ind1=" " ind2=" ">
    <subfield code="a">S&#xE3;o Paulo</subfield>
    <subfield code="b">Martins Fontes</subfield>
    <subfield code="c">1993</subfield>
  </datafield>
  <datafield tag="300" ind1=" " ind2=" ">
    <subfield code="a">205 p.</subfield>
  </datafield>
  <datafield tag="520" ind1=" " ind2=" ">
    <subfield code="a">Uma novela surpreendente, inolvid&#xE1;vel, cujo tema gira em torno de um amor imposs&#xED;vel para que a consequ&#xEA;ncia do protagonista se repita nas artes culin&#xE1;rias. Sob a apar&#xEA;ncia de um folheto por entregas e encabezando cada cap&#xED;tulo com uma receita, esta hist&#xF3;ria m&#xE1;gica converte a gastronomia em um c&#xF3;digo de sensualidade carregado de aromas penetrantes, de cores deslumbrantes. Tita &#xE9; a pequena, vive num rancho com suas irm&#xE3;s e suas servas, e pese a saber se condenada a n&#xE3;o poder gozar do amor por ter que fazer carga de sua m&#xE3;e, n&#xE3;o renunciar&#xE1; a Pedro. Ele tamb&#xE9;m ama, mas se casar&#xE1; com sua irm&#xE3; Rosaura para poder segui-la. Tita se refugia na cozinha e se entrega &#xE0; elabora&#xE7;&#xE3;o de pratos m&#xE1;gicos capazes de transformar as emo&#xE7;&#xF5;es e o comportamento de quem deseja experimentar, na esperan&#xE7;a de que seu tr&#xE1;gico destino se cumpra.</subfield>
  </datafield>
  <datafield tag="650" ind1=" " ind2="0">
    <subfield code="a">literatura mexicana</subfield>
    <subfield code="9">426</subfield>
  </datafield>
  <datafield tag="650" ind1=" " ind2="0">
    <subfield code="a">Culin&#xE1;ria</subfield>
    <subfield code="9">427</subfield>
  </datafield>
  <datafield tag="650" ind1=" " ind2="0">
    <subfield code="a">Amor e Paix&#xE3;o</subfield>
    <subfield code="9">25</subfield>
  </datafield>
  <datafield tag="650" ind1=" " ind2="0">
    <subfield code="a">Familia</subfield>
    <subfield code="9">35</subfield>
  </datafield>
  <datafield tag="650" ind1=" " ind2="0">
    <subfield code="a">Hist&#xF3;rico</subfield>
    <subfield code="9">53</subfield>
  </datafield>
  <datafield tag="655" ind1=" " ind2="0">
    <subfield code="a">Romance</subfield>
    <subfield code="9">23</subfield>
  </datafield>
  <datafield tag="655" ind1=" " ind2="0">
    <subfield code="a">Fic&#xE7;&#xE3;o </subfield>
    <subfield code="9">22</subfield>
  </datafield>
  <datafield tag="700" ind1=" " ind2=" ">
    <subfield code="a">Olga Savary</subfield>
    <subfield code="e">Tradutor</subfield>
    <subfield code="9">428</subfield>
  </datafield>
  <datafield tag="942" ind1=" " ind2=" ">
    <subfield code="2">ddc</subfield>
    <subfield code="n">0</subfield>
    <subfield code="c">BK</subfield>
  </datafield>
  <datafield tag="952" ind1=" " ind2=" ">
    <subfield code="0">0</subfield>
    <subfield code="1">0</subfield>
    <subfield code="2">ddc</subfield>
    <subfield code="4">0</subfield>
    <subfield code="7">0</subfield>
    <subfield code="8">FIC</subfield>
    <subfield code="a">BIBIB</subfield>
    <subfield code="b">BIBIB</subfield>
    <subfield code="c">LE</subfield>
    <subfield code="d">2002-08-27</subfield>
    <subfield code="e">doa&#xE7;&#xE3;o</subfield>
    <subfield code="l">0</subfield>
    <subfield code="o">m860 / E77c</subfield>
    <subfield code="p">2025-0479</subfield>
    <subfield code="r">2025-02-04 07:53:18</subfield>
    <subfield code="w">2025-02-04</subfield>
    <subfield code="y">BK</subfield>
  </datafield>
  <datafield tag="999" ind1=" " ind2=" ">
    <subfield code="c">229</subfield>
    <subfield code="d">229</subfield>
  </datafield>
</record>
